| 000 | 00725nam a2200205Ia 4500 | ||
|---|---|---|---|
| 005 | 20240530110935.0 | ||
| 008 | 140319s2007 ua 000 0 ara d | ||
| 020 | _a9772325845 | ||
| 040 |
_aGCL / _cGCL |
||
| 082 | 0 | 4 |
_a362.7 / _bز م |
| 100 | 0 | _aزينب سالم | |
| 245 | 1 | 0 |
_aمراهقون على كرسى الاعتراف : _bادمان مخدرات - شذوذ جنسى - قلق - غضب - خوف / _cزينب سالم |
| 260 |
_aالقاهرة : _bعالم الكتب، _c2007 |
||
| 300 |
_a201 ص ؛ _b24 سم |
||
| 650 | 0 | 4 |
_aالادمان _2qrmak |
| 650 | 0 | 4 |
_aالشذوذ الجنسى _2qrmak |
| 650 | 0 | 4 |
_aالمراهقة _2qrmak |
| 942 |
_2ddc _cBK |
||
| 999 |
_c66729 _d66729 |
||